Statistiques concernant Les joueurs les mieux payés en Arabie Saoudite

Cliquez ici pour prendre le quiz!

Statistiques générales

  • Ce quiz a été pris 63 fois
  • Le résultat moyen est 7 sur 16

Statistiques - réponses

Joueur% Correct
Cristiano Ronaldo
98%
Karim Benzema
88%
Neymar
88%
Sadio Mané
68%
N'Golo Kanté
64%
Riyad Mahrez
39%
Seko Fofana
36%
Edouard Mendy
32%
Sergej Milinkovic-Savic
32%
Roberto Firmino
27%
Jordan Henderson
24%
Malcom
22%
Marcelo Brozovic
20%
Alex Telles
14%
Roger Ibañez
7%
Kalidou Koubaly
2%

Distribution des résultats

Percentile par nombre de réponses

% des personnes avec chaque résultat

Votre développement - résultats

Vous n’avez pas pris ce quiz